01259nab a22002177a 4500003000400000005001700004008004100021040000700062100002500069245009000094260007300184300001500257500002800272505041500300505008200715650001800797650002500815650002000840650003200860773014900892OSt20251222090714.0190429b xxu||||| |||| 00| 0 spa d cPJ aFlores, Miguel Mario13aLa sanción punitiva impuesta por la inteligencia artificial /cMiguel Mario Flores. cCiudad Autónoma de Buenos Aires :aThomson Reuters La Ley, b2025. ap. 148-156 aCita: AR/DOC/1342/2025. aSumario: I. Introducción.— II. La pena frente al delito. Teorías: a. Expiación. b. Retribución.— III. Fines de la pena: prevención general positiva-negativa. Teoría de la unión. Teoría de la diferenciación.— IV. Las personas condicionadas por los derechos fundamentales y la inteligencia artificial.— V. Sanción punitiva impuesta por la inteligencia artificial.— VI. Conclusión. tSi te interesa el texto completo, solicitalo a koha@justierradelfuego.gov.ar  0aDERECHO PENAL 0aDELITOS INFORMATICOS 0aSENTENCIA PENAL 0aPROPORCIONALIDAD DE LA PENA0 02658tRevista de derecho penal y criminología. Nº 6 - Julio 2025dCiudad Autónoma de Buenos Aires : Thomson Reuters La Ley, 2017-x00347914